000
00242nam a2200109Ia 4500
008
230320s9999||||xx |||||||||||||| ||spa||
082
_a
828.9/W24
100
_a
Wallace, Edgar
245
0
_a
Arquero Verde
260
_b
AGUILAR
942
_8
0
_c
LIB
999
_c
32407
_d
32407